000 00292nam a22001337a 4500
008 170403b xxu||||| |||| 00| 0 eng d
020 _a015818775
041 _aeng
080 _a574
100 _a9
101 _aSHM
245 _aGROUND SUPPORT MANUAL
_cBEAUCHAMP, L.A
942 _2udc
_cBK
999 _c9459
_d9459